000 00514cam a2200205ua 4500
001 9801
005 20260515114526.0
008 160903n ii |||gr||||Z||||||eng
020 _a9789385676130
040 _cMAIN
041 _aeng
082 _a338.5
100 _aAhuja, H.L.,
_eAuthor.
245 _aModern microeconomics :
_btheory and applications /
_cBy H.L. Ahuja .
250 _a19th rev. ed.
260 _aNew Delhi:
_bS Chand,
_c2016.
300 _a957p.
653 _aMicroeconomics
942 _cBK
999 _c8803
_d8803